| 000 | 01357nam0a22003131 4500 | ||
|---|---|---|---|
| 001 | rc\4148840 | ||
| 005 | 20130415183059.3 | ||
| 021 |
_aRU _b[51-40530] |
||
| 035 | _a(NLR Aleph) 008168346 | ||
| 090 |
_a7838343 _c7838343 |
||
| 100 | _a20130415d1951 |||y0rusy50 ca | ||
| 101 | 0 | _arus | |
| 102 | _aRU | ||
| 105 | _aac j ||||| | ||
| 200 | 1 |
_aСудебная химия (химико-токсикологический анализ) и определение профессиональных ядов _e[Учебник для фармац. ин-тов] |
|
| 205 | _a4-е изд., перераб. и доп. проф. М.Д. Швайковой | ||
| 210 |
_aМосква _cМедгиз _d1951 |
||
| 215 |
_a344 с., 1 л. портр. _cил. _d23 |
||
| 300 | _aПеред загл. авт.: проф. А.В Степанов, засл. деятель науки | ||
| 606 |
_aЯды промышленные _xОпределение _2psbo |
||
| 606 |
_aСудебная химия _jУчебники и пособия _2psbo |
||
| 606 |
_aТоксикологический анализ _2psbo |
||
| 700 | 1 |
_aСтепанов _bА. В. _f1872-1946 _gАлександр Васильевич |
|
| 702 | 1 |
_aШвайкова _bМ. Д. _4570 |
|
| 801 | 0 |
_aRU _bNLR _gpsbo |
|
| 801 | 1 |
_aRU _bELAR _2rusmarc |
|
| 852 |
_aNLR _jМд90 Г-5/8 |
||
| 942 | _cBOOK | ||
| 980 | _aNB | ||